[Event "34th Chess Olympiad (men)"]
[Site "Istanbul"]
[Date "2000.11.09"]
[Round "12.42.2"]
[White "Santos Simao, Amorim"]
[Black "Matsuo, Tomohiko"]
[WhiteElo "2000"]
[BlackElo "2186"]
[WhiteCountry "ANG"]
[BlackCountry "JPN"]
[Result "0-1"]

1. e4 e5 2. Nf3 Nc6 3. Bb5 a6 4. Ba4 Nf6 5. O-O Be7 6. Qe2 b5 7. Bb3 O-O 
8. c3 d5 9. d3 d4 10. a4 Bg4 11. h3 Bxf3 12. Qxf3 b4 13. cxb4 Nxb4 14. Nd2 Rb8 
15. Nc4 Nd7 16. Bd1 Bg5 17. Qg3 Bf4 18. Bxf4 exf4 19. Qf3 Qf6 20. Ra3 Nc6 
21. Qe2 Nce5 22. Nxe5 Nxe5 23. f3 Rb4 24. Qc2 Qb6 25. Rf2 Rb8 26. Ra2 Qe6 
27. Ra3 Qb6 28. Ra2 a5 29. Rd2 Nc4 30. Rf2 Nxb2 31. Be2 Qd6 32. Bf1 R8b6 
33. Rxb2 Rxb2 34. Qxb2 Rxb2 35. Rxb2 c6 36. Rc2 f5 37. Rc4 c5 38. Kf2 fxe4 
39. fxe4 Kf7 40. Be2 Kf6 41. Bf3 Kg5 42. Rc2 h5 43. Rb2 Kh4 44. Rb7 g6 
45. Rb5 Qe6 46. Rxc5 Qa2+ 47. Be2 Qxa4 48. e5 Qb4 49. Rc6 Kg5 50. h4+ Kf5 
51. Rf6+ Kxe5 52. Rxg6 a4 53. Bxh5 Qd2+ 54. Be2 a3 
0-1

[Event "34th Chess Olympiad (men)"]
[Site "Istanbul"]
[Date "2000.11.09"]
[Round "12.42.3"]
[White "Tanaka, Yuuki"]
[Black "Assis Pedro, Aderito"]
[WhiteElo "2126"]
[BlackElo "2000"]
[WhiteCountry "JPN"]
[BlackCountry "ANG"]
[Result "1-0"]

1. c4 Nf6 2. Nc3 e6 3. e4 d5 4. e5 Ng8 5. d4 Ne7 6. Nf3 h6 7. Bd3 a6 
8. O-O dxc4 9. Bxc4 b5 10. Bb3 Bb7 11. Qe2 Nd5 12. Ne4 Nd7 13. a4 Be7 
14. Bd2 b4 15. a5 Bc6 16. Bc4 Qc8 17. Rfc1 Qb7 18. Ng3 Bb5 19. Bxb5 axb5 
20. Qe4 c5 21. Nh5 g6 22. Nf4 Ra6 23. Nd3 c4 24. Nxb4 Bxb4 25. Bxb4 Qa8 
26. Bd2 Kf8 27. h4 Kg7 28. h5 Nf8 29. hxg6 Nxg6 30. g3 Rc6 31. Nh4 b4 
32. Nf5+ exf5 33. Qxd5 Rd8 34. Qf3 Rxd4 35. Be3 Nh4 36. Qh1 Rg4 37. a6 f4 
38. Rxc4 Rxc4 39. Qxa8 fxe3 40. Kh2 exf2 41. gxh4 Rcf4 42. Qc8 Rg6 43. Qh3 
1-0

[Event "34th Chess Olympiad (men)"]
[Site "Istanbul"]
[Date "2000.11.09"]
[Round "12.42.4"]
[White "Domingos, Manuel"]
[Black "Misaka, Susumu"]
[WhiteElo "2000"]
[BlackElo "2000"]
[WhiteCountry "ANG"]
[BlackCountry "JPN"]
[Result "1-0"]

1. e4 e6 2. d4 d5 3. Nd2 Nf6 4. e5 Nfd7 5. Bd3 c5 6. c3 Nc6 7. Ne2 cxd4 
8. cxd4 f6 9. exf6 Nxf6 10. O-O Bd6 11. Nf3 Qb6 12. Re1 O-O 13. a3 Kh8 
14. Bf4 Bxf4 15. Nxf4 Nxd4 16. Ng5 e5 17. Rxe5 Ng4 18. Nxh7 Qh6 19. Ng6+ Kxh7 
20. Rh5 Qxh5 21. Nf4+ Kg8 22. Nxh5 Nxf2 23. Bh7+ Kxh7 24. Qxd4 Rf7 25. Rf1 Bg4 
26. Rxf2 
1-0

[Event "34th Chess Olympiad (men)"]
[Site "Istanbul"]
[Date "2000.11.09"]
[Round "12.43.1"]
[White "Kastanieda, Georgiy"]
[Black "De La Riva Aguado, Oscar"]
[WhiteElo "2457"]
[BlackElo "2462"]
[WhiteCountry "PER"]
[BlackCountry "AND"]
[Result "1/2-1/2"]

1. d4 f5 2. g3 Nf6 3. Bg2 g6 4. Nh3 Bg7 5. c3 Nc6 6. Nd2 d6 7. Qb3 e5 
8. dxe5 Nxe5 9. Nf4 c6 10. h4 d5 11. Nf3 Nfg4 12. Nxe5 Bxe5 13. Nd3 Bg7 
14. Bf4 Qe7 15. O-O-O O-O 16. Bf3 b6 17. Nb4 Bb7 18. e4 Nxf2 19. exd5 cxd5 
20. Nxd5 Bxd5 21. Qxd5+ Kh8 22. Rhe1 Qd8 23. Qxa8 Qxa8 24. Bxa8 Nxd1 
25. Bf3 Nf2 26. Kc2 Nh3 27. Bd6 Rd8 28. Bc7 Rf8 29. Bd6 Rd8 30. Be7 Rc8 
31. Bb7 Rc7 32. Bd5 Rc8 33. Re2 Ng1 34. Re1 Nh3 35. Bb7 Rb8 36. Bc6 Nf2 
37. Bd6 Rd8 38. Bc7 Rc8 39. Re7 Ng4 40. Bb7 Rf8 41. Bf3 Bf6 42. Re6 Kg7 
43. a4 Rf7 44. Bb8 g5 45. h5 Nh2 46. Bd5 Rd7 47. c4 Ng4 48. b4 Bd4 49. Kd3 Bb2 
50. a5 bxa5 51. bxa5 Nf6 52. Be5 Bxe5 53. Rxe5 Nxh5 54. Rxf5 Kg6 55. Rf3 g4 
56. Re3 Ng7 57. Kc3 Kf6 58. a6 Nf5 59. Re6+ Kg5 60. Re5 Kf6 61. Re6+ Kg5 
62. Re5 
1/2-1/2

[Event "34th Chess Olympiad (men)"]
[Site "Istanbul"]
[Date "2000.11.09"]
[Round "12.43.2"]
[White "Gallego Martinez, Ruben"]
[Black "Belli, Mario"]
[WhiteElo "2313"]
[BlackElo "2393"]
[WhiteCountry "AND"]
[BlackCountry "PER"]
[Result "0-1"]

1. e4 d6 2. d4 Nf6 3. Nc3 c6 4. Nf3 Bg4 5. Be2 e6 6. O-O Be7 7. Be3 d5 
8. e5 Nfd7 9. Ne1 Bxe2 10. Nxe2 c5 11. c3 Nc6 12. f4 g6 13. g4 h5 14. f5 Bg5 
15. Nf4 cxd4 16. cxd4 Bxf4 17. Rxf4 Qb6 18. Qd2 O-O-O 19. Nf3 hxg4 
20. fxe6 fxe6 21. Ng5 Rh5 22. Rxg4 Rdh8 23. Rg2 Ne7 24. Nf7 Rf8 25. Nd6+ Kb8 
26. Rc1 Nf5 27. Nxf5 gxf5 28. Rg7 f4 29. Bxf4 Rhf5 30. Rg4 Ka8 31. Kg2 Nb8 
32. Bh6 Rf2+ 33. Qxf2 Rxf2+ 34. Kxf2 Qxb2+ 35. Kg3 a5 36. Rc8 Ka7 37. Bf8 Nc6 
38. Bc5+ Ka6 39. Rg7 Qc3+ 40. Kh4 Nxd4 41. Ra8+ Kb5 42. Rxb7+ Kc4 43. Bb4 Nf5+ 
0-1

[Event "34th Chess Olympiad (men)"]
[Site "Istanbul"]
[Date "2000.11.09"]
[Round "12.43.3"]
[White "Cruz, Filemon"]
[Black "Santamaria, V"]
[WhiteElo "2360"]
[BlackElo "2214"]
[WhiteCountry "PER"]
[BlackCountry "AND"]
[Result "1-0"]

1. c4 e5 2. Nc3 d6 3. g3 g6 4. Bg2 Bg7 5. d3 c6 6. e3 f5 7. Nge2 Nf6 8. O-O O-O 
9. Rb1 Be6 10. b3 Bf7 11. Ba3 Re8 12. Qd2 d5 13. cxd5 cxd5 14. Nb5 Bf8 
15. Bxf8 Rxf8 16. Rbc1 Nc6 17. f4 e4 18. Nbd4 Nxd4 19. Nxd4 Qb6 20. Rc3 Rac8 
21. Rfc1 Rxc3 22. Qxc3 Rd8 23. h3 Ne8 24. Bf1 a6 25. a4 Qd6 26. a5 Qe7 
27. dxe4 fxe4 28. Qc5 Rd7 29. Qxe7 Rxe7 30. h4 Nc7 31. Bh3 h5 32. Kf2 Be8 
33. Rc5 Kg7 34. Rxc7 
1-0

[Event "34th Chess Olympiad (men)"]
[Site "Istanbul"]
[Date "2000.11.09"]
[Round "12.43.4"]
[White "Cots, Paltor Jordi"]
[Black "Soto, Jorge"]
[WhiteElo "2123"]
[BlackElo "2225"]
[WhiteCountry "AND"]
[BlackCountry "PER"]
[Result "0-1"]

1. e4 c5 2. Nf3 Nc6 3. d4 cxd4 4. Nxd4 Nf6 5. Nc3 e5 6. Ndb5 d6 7. Bg5 a6 
8. Bxf6 gxf6 9. Na3 b5 10. Nd5 f5 11. exf5 Bxf5 12. Qf3 Nd4 13. Nc7+ Qxc7 
14. Qxa8+ Ke7 15. Bd3 Bc8 16. Qe4 d5 17. Qh4+ Ke8 18. O-O Rg8 19. Kh1 e4 
20. Bxe4 dxe4 21. Qxe4+ Ne6 22. Qxh7 Rg6 23. f4 b4 24. Rae1 Rh6 25. Qd3 bxa3 
26. h3 Qd7 27. Qc3 f5 28. bxa3 Bb7 29. Re3 Be4 30. Kh2 Bd6 31. g3 Rxh3+ 
32. Kg1 Bc5 
0-1

[Event "34th Chess Olympiad (men)"]
[Site "Istanbul"]
[Date "2000.11.09"]
[Round "12.44.1"]
[White "Gluckman, David"]
[Black "Williams, Leighton"]
[WhiteElo "2400"]
[BlackElo "2317"]
[WhiteCountry "RSA"]
[BlackCountry "WLS"]
[Result "1-0"]

1. Nf3 d6 2. d4 Nf6 3. g3 g6 4. Bg2 Bg7 5. O-O O-O 6. c4 c6 7. Nc3 Qa5 
8. e4 Bg4 9. Qc2 Qh5 10. Nh4 Ne8 11. h3 Bd7 12. e5 g5 13. Nf5 g4 14. Nxg7 Nxg7 
15. hxg4 Bxg4 16. exd6 exd6 17. Qd2 Qg6 18. Qg5 Nd7 19. Bf4 Qxg5 20. Bxg5 Ne6 
21. Be3 c5 22. dxc5 dxc5 23. b3 Rab8 24. Nd5 Kg7 25. f3 Bf5 26. Rad1 Rfe8 
27. Rf2 Ne5 28. Rfd2 Nc6 29. Kf2 Ned4 30. b4 b6 31. b5 Nd8 32. Bxd4+ cxd4 
33. Rxd4 Ne6 34. R4d2 Nc5 35. Nf4 Bg6 36. Bh3 Re5 37. Bd7 Rd8 38. Bc6 Rc8 
39. Rd5 Re7 40. R1d2 Rb8 41. Rd6 Re5 42. a4 Rc8 43. Ra2 Nb3 44. Rd7 Na5 
45. Bd5 Nxc4 46. Nxg6 hxg6 47. Rxf7+ Kh6 48. Bxc4 Rxc4 49. Rxa7 Rh5 50. Kg2 Rc1 
51. Rf2 Rhh1 52. f4 Rhg1+ 53. Kh3 Rc5 54. Kg4 Rh1 55. Rd2 
1-0

[Event "34th Chess Olympiad (men)"]
[Site "Istanbul"]
[Date "2000.11.09"]
[Round "12.44.3"]
[White "Van Der Nat, Nicholas"]
[Black "Binks, Michael"]
[WhiteElo "2116"]
[BlackElo "2155"]
[WhiteCountry "RSA"]
[BlackCountry "WLS"]
[Result "1-0"]

1. e4 e5 2. Nf3 Nc6 3. Bb5 a6 4. Ba4 Nf6 5. Qe2 b5 6. Bb3 Be7 7. c3 d6 8. a4 b4 
9. Qc4 Be6 10. Qxc6+ Bd7 11. Qc4 Be6 12. Qd3 Bxb3 13. c4 Qd7 14. Qxb3 Nxe4 
15. O-O O-O 16. d4 exd4 17. Nxd4 Bf6 18. Be3 Nc5 19. Qd1 Rfe8 20. Nd2 Ne4 
21. Nxe4 Rxe4 22. Qd3 Rae8 23. Ra2 Bxd4 24. Bxd4 Qg4 25. Be3 Rxc4 26. a5 Qe6 
27. Raa1 f5 28. Rac1 d5 29. b3 Rxc1 30. Rxc1 d4 31. Bxd4 Rd8 32. Qe3 Qd5 
33. Bc5 f4 34. Qe1 f3 35. Bxb4 fxg2 36. Qc3 Qh5 37. Qc4+ Kh8 38. Qxc7 Rd1+ 
39. Be1 g6 40. Qb8+ Kg7 41. Rc7+ Kf6 42. Qf8+ Ke5 43. Re7+ Kd5 44. Qd8+ 
1-0

[Event "34th Chess Olympiad (men)"]
[Site "Istanbul"]
[Date "2000.11.09"]
[Round "12.44.4"]
[White "Jones, Richard S"]
[Black "Kromhout, Ewan"]
[WhiteElo "2114"]
[BlackElo "2000"]
[WhiteCountry "WLS"]
[BlackCountry "RSA"]
[Result "1-0"]

1. e4 c5 2. Nc3 Nc6 3. g3 g6 4. Bg2 Bg7 5. d3 d6 6. Be3 e6 7. Qd2 Nge7 
8. Bh6 Bxh6 9. Qxh6 Nd4 10. O-O-O Qa5 11. Kb1 Bd7 12. Nce2 O-O-O 13. Qf4 Nec6 
14. c3 e5 15. Qf6 Nxe2 16. Nxe2 Be6 17. Nc1 Qc7 18. f4 Qe7 19. Qxe7 Nxe7 
20. d4 cxd4 21. cxd4 f6 22. Nd3 exd4 23. Nb4 d5 24. e5 fxe5 25. fxe5 Bf5+ 
26. Ka1 a5 27. Nd3 Kb8 28. Nc5 b6 29. Nb3 Bc2 30. Rxd4 Bxb3 31. axb3 Rhf8 
32. Rd2 Rf5 33. Re1 Kc7 34. Bh3 Rf3 35. Ka2 d4 36. Re4 d3 37. Bg4 Rf1 
38. b4 Nd5 39. bxa5 bxa5 40. Rc4+ Kb6 41. Rxd3 Kb5 42. Kb3 Re1 43. e6 Re3 
44. Rxe3 Nxe3 45. e7 a4+ 46. Ka2 Rb8 47. Rc8 
1-0

[Event "34th Chess Olympiad (men)"]
[Site "Istanbul"]
[Date "2000.11.09"]
[Round "12.45.2"]
[White "Al, Hadarani Hatim"]
[Black "Khatib, Kamel"]
[WhiteElo "2374"]
[BlackElo "2000"]
[WhiteCountry "YEM"]
[BlackCountry "SYR"]
[Result "1/2-1/2"]

1. e4 e5 2. Nf3 Nc6 3. d4 exd4 4. Nxd4 Nf6 5. Nxc6 bxc6 6. Bd3 d5 7. e5 Ng4 
8. Bf4 Bc5 9. O-O g5 10. Bd2 Qe7 11. h3 Nxe5 12. Qh5 h6 13. Re1 Kd8 14. b4 Bb6 
15. Bc3 f6 16. a4 a5 17. b5 Bd7 18. bxc6 Bxc6 19. Bb5 Be8 20. Qd1 c6 21. Bf1 h5 
22. Bd4 Bc7 23. c4 Qd6 24. Bxe5 fxe5 25. cxd5 cxd5 26. Nc3 Bc6 27. Bb5 Bb7 
28. Qd2 Rg8 29. Rad1 d4 30. Ne4 Bxe4 31. Rxe4 g4 32. h4 g3 33. fxg3 Rxg3 
34. Rc1 Re3 35. Rc6 Qb4 36. Re6 Kc8 37. Qc2 Qe1+ 38. Kh2 Qg3+ 39. Kg1 Qe1+ 
40. Kh2 Qg3+ 41. Kg1 Qe1+ 
1/2-1/2

[Event "34th Chess Olympiad (men)"]
[Site "Istanbul"]
[Date "2000.11.09"]
[Round "12.45.3"]
[White "Al Zaim, Talal"]
[Black "Al Badani, Abdo"]
[WhiteElo "2249"]
[BlackElo "2000"]
[WhiteCountry "SYR"]
[BlackCountry "YEM"]
[Result "0-1"]

1. d4 d5 2. c4 e6 3. Nc3 Nf6 4. Bg5 Be7 5. e3 O-O 6. Nf3 b6 7. Bxf6 Bxf6 
8. cxd5 exd5 9. Qb3 Be6 10. Be2 c5 11. Qa4 Qd7 12. Qxd7 Nxd7 13. Rd1 Rfd8 
14. O-O a6 15. dxc5 Bxc3 16. bxc3 Nxc5 17. Nd4 Ne4 18. Rc1 Rdc8 19. c4 Nd2 
20. Rfd1 Nxc4 21. e4 Nb2 22. Rxc8+ Rxc8 23. Rb1 Nc4 24. Nxe6 fxe6 25. exd5 exd5 
26. Rd1 Nb2 27. Bxa6 Nxd1 28. Bxc8 Nc3 29. a3 Kf7 30. Kf1 Nb5 31. a4 Nc3 
32. Bd7 Ke7 33. Bf5 h6 34. Bc2 Kd6 35. Ke1 Kc5 36. Kd2 Kb4 37. Kd3 Nxa4 
38. Kd4 b5 39. Kxd5 Kc3 40. Bg6 b4 41. Ke6 Nc5+ 42. Kf7 Nd3 43. Kxg7 b3 
44. Bf7 b2 45. Ba2 Kc2 46. f4 Nb4 47. Bf7 b1=Q 48. Bg6+ Nd3 49. f5 Qb2+ 
50. f6 Kd2 51. Bxd3 Kxd3 52. g4 Qxh2 53. f7 Qe5+ 54. Kh7 Qf6 55. Kg8 Qg6+ 
0-1

[Event "34th Chess Olympiad (men)"]
[Site "Istanbul"]
[Date "2000.11.09"]
[Round "12.45.4"]
[White "Al-Zendani, Zendan"]
[Black "Mohamed, Sameer"]
[WhiteElo "2224"]
[BlackElo "2287"]
[WhiteCountry "YEM"]
[BlackCountry "SYR"]
[Result "0-1"]

1. e4 c5 2. Nf3 e6 3. d4 cxd4 4. Nxd4 Nf6 5. Nc3 Nc6 6. Be3 Bb4 7. Bd3 d5 
8. Nxc6 bxc6 9. exd5 exd5 10. Bd4 O-O 11. O-O Be6 12. h3 Bd6 13. Qf3 Nd7 
14. Qh5 g6 15. Qh6 Be5 16. Bxe5 Nxe5 17. Be2 Qf6 18. f4 Nd7 19. Bd3 Bf5 
20. Bxf5 Qxf5 21. Rf2 Rab8 22. Rb1 Rfe8 23. g4 Qf6 24. f5 g5 25. Qxf6 Nxf6 
26. Rd2 h5 27. gxh5 Nxh5 28. b3 Nf4 29. h4 Re3 
0-1

[Event "34th Chess Olympiad (men)"]
[Site "Istanbul"]
[Date "2000.11.09"]
[Round "12.46.1"]
[White "Haznedaroglu, Kivanc"]
[Black "Matthews, Shane"]
[WhiteElo "2249"]
[BlackElo "2258"]
[WhiteCountry "TURB"]
[BlackCountry "JAM"]
[Result "1-0"]

1. e4 c5 2. Nf3 e6 3. d4 cxd4 4. Nxd4 Nf6 5. Nc3 d6 6. Be2 Be7 7. O-O O-O 
8. Be3 a6 9. a4 Qc7 10. f4 b6 11. Bf3 Bb7 12. g4 Nc6 13. Nxc6 Bxc6 14. g5 Nd7 
15. Qe2 Rfe8 16. Qg2 Bf8 17. h4 Rac8 18. h5 d5 19. g6 fxg6 20. hxg6 h6 
21. exd5 exd5 22. Bxd5+ Bxd5 23. Qxd5+ Kh8 24. Bd4 Bc5 25. Bxc5 Nxc5 
26. Rad1 Re3 27. Rf3 Rxf3 28. Qxf3 Ne6 29. f5 Ng5 30. Qd3 Qc5+ 31. Kg2 Rf8 
32. Nd5 Qc6 33. b3 b5 34. axb5 axb5 35. c4 bxc4 36. bxc4 Re8 37. Rb1 Ra8 
38. Re1 Qd6 39. Qe2 
1-0

[Event "34th Chess Olympiad (men)"]
[Site "Istanbul"]
[Date "2000.11.09"]
[Round "12.46.2"]
[White "Pitterson, Jomo"]
[Black "Ipek, Ali"]
[WhiteElo "2262"]
[BlackElo "2241"]
[WhiteCountry "JAM"]
[BlackCountry "TURB"]
[Result "1/2-1/2"]

1. d4 Nf6 2. c4 e6 3. Nf3 b6 4. e3 Bb7 5. Bd3 Be7 6. O-O O-O 7. Nc3 c5 
8. d5 exd5 9. cxd5 Nxd5 10. Nxd5 Bxd5 11. Bxh7+ Kxh7 12. Qxd5 Nc6 13. e4 g6 
14. Rd1 Nb4 15. Qd2 Rh8 16. a3 Nc6 17. Qd5 Qe8 18. Bf4 Rd8 19. Bc7 Rc8 
20. Qxd7 Nd4 21. Qxe8 Rhxe8 22. Nxd4 cxd4 23. Be5 Bc5 24. Bxd4 Rxe4 
25. Bxc5 Rxc5 26. Rd2 
1/2-1/2

[Event "34th Chess Olympiad (men)"]
[Site "Istanbul"]
[Date "2000.11.09"]
[Round "12.46.3"]
[White "Erdogan, Hakan"]
[Black "Elliott, Warren"]
[WhiteElo "2217"]
[BlackElo "2196"]
[WhiteCountry "TURB"]
[BlackCountry "JAM"]
[Result "1-0"]

1. d4 Nf6 2. c4 c5 3. d5 b5 4. cxb5 a6 5. f3 e6 6. e4 c4 7. Bxc4 axb5 
8. Bb3 Bc5 9. g3 O-O 10. Kf1 d6 11. Kg2 exd5 12. exd5 Re8 13. Nc3 b4 
14. Na4 Ba7 15. Bd2 Na6 16. h4 h6 17. Ne2 Qe7 18. Nf4 g5 19. hxg5 hxg5 
20. Re1 Qd7 21. Ne6 fxe6 22. dxe6 Qg7 23. e7+ d5 24. Re5 Qh7 25. Qh1 Rxe7 
26. Rxe7 Qxe7 27. Re1 Be6 28. Qh6 Nc7 29. Bxg5 Qh7 30. Qxh7+ Nxh7 31. Bf4 Re8 
32. Bxc7 Bh3+ 33. Kxh3 Rxe1 34. Bxd5+ Kg7 35. f4 Nf6 36. Bb3 Rh1+ 37. Kg2 Rg1+ 
38. Kf3 Rf1+ 39. Ke2 Rf2+ 40. Kd3 Rf3+ 41. Kc4 Rxg3 42. Kxb4 Be3 43. Nc5 Rg4 
44. Kb5 Rh4 45. a4 Kg6 46. a5 Ne8 47. Bd8 Rh5 48. Bc2+ Kf7 49. b4 Bxf4 
50. Bb3+ Kg6 51. a6 Rh8 52. Kc6 Ng7 53. Bb6 Kf6 54. a7 Ke7 55. Nd3 Bd6 
56. Bd4 Rc8+ 57. Kb7 Rc7+ 58. Kb6 Rxa7 59. Kxa7 Bxb4 60. Nxb4 Nf5 61. Bc5+ Kf6 
62. Kb6 Ke5 63. Nc6+ Kf4 64. Bf8 Kg3 65. Kc5 Kf4 66. Nd4 Nh4 67. Bd6+ Kg4 
68. Kd5 Kh3 69. Ke4 Kg4 70. Nf3 Ng2 71. Bf7 Nh4 72. Nxh4 Kxh4 73. Kf4 
1-0

[Event "34th Chess Olympiad (men)"]
[Site "Istanbul"]
[Date "2000.11.09"]
[Round "12.46.4"]
[White "Rowe, Duane"]
[Black "Sayber, Zeki"]
[WhiteElo "2000"]
[BlackElo "2204"]
[WhiteCountry "JAM"]
[BlackCountry "TURB"]
[Result "0-1"]

1. e4 d6 2. d4 Nf6 3. Nc3 g6 4. Be3 Bg7 5. Qd2 O-O 6. Nf3 c6 7. Bh6 Bxh6 
8. Qxh6 Ng4 9. Qd2 Kg7 10. Bd3 Nd7 11. h3 Ngf6 12. h4 h5 13. Ne2 e5 
14. dxe5 dxe5 15. O-O-O Ng4 16. Ng3 Nc5 17. Qc3 Qe7 18. Rhf1 b5 19. Qa5 Rb8 
20. Be2 Rb6 21. Qd2 Nb7 22. Ne1 Be6 23. Bxg4 Bxg4 24. f3 Be6 25. f4 Rd8 
26. Nd3 Bg4 27. Rde1 Nc5 28. Qc3 Nxd3+ 29. cxd3 b4 30. Qc2 b3 31. axb3 Rdb8 
32. f5 Qxh4 33. Qf2 Qg5+ 34. Qe3 Qxe3+ 35. Rxe3 Rxb3 36. Rf2 a5 37. fxg6 fxg6 
38. Nf1 a4 39. Rc2 a3 40. Re1 axb2+ 41. Kb1 Be6 42. Ne3 Rxd3 43. Rxb2 Rxb2+ 
44. Kxb2 Rd4 45. Nc2 Rd2 46. g3 Rg2 47. Re3 g5 48. Kc3 h4 49. gxh4 gxh4 
50. Re1 h3 51. Ne3 Ra2 52. Rg1+ Kf6 53. Ng4+ Bxg4 54. Rxg4 h2 55. Rh4 Kg5 
56. Rh8 Kf4 57. Rh4+ Kg3 58. Rh8 Ra1 
0-1

[Event "34th Chess Olympiad (men)"]
[Site "Istanbul"]
[Date "2000.11.09"]
[Round "12.47.1"]
[White "Siban, Michael"]
[Black "Sosa, Luis"]
[WhiteElo "2000"]
[BlackElo "2166"]
[WhiteCountry "SUR"]
[BlackCountry "PUR"]
[Result "1/2-1/2"]

1. e4 c6 2. d4 d5 3. Nc3 dxe4 4. Nxe4 Bf5 5. Ng3 Bg6 6. Nf3 Nd7 7. h4 h6 
8. h5 Bh7 9. Bd3 Bxd3 10. Qxd3 Ngf6 11. Bd2 e6 12. O-O-O Qc7 13. Ne4 O-O-O 
14. Qe2 Nxe4 15. Qxe4 Nf6 16. Qe2 Bd6 17. c4 c5 18. Bc3 Qc6 19. Rh4 Qa6 
20. Kb1 Nd5 21. Bd2 Rhe8 22. dxc5 Bxc5 23. Qe1 Ne7 24. Rc1 f6 25. Bb4 Bxb4 
26. Qxb4 Qd6 27. Qxd6 Rxd6 28. Rd4 Red8 29. Rcd1 Rxd4 30. Rxd4 Rxd4 
31. Nxd4 Kd7 32. Kc2 e5 33. Nb5 a6 34. Nc3 Nf5 35. Ne4 Kc6 36. Kd3 Nd4 
37. Nc3 Ne6 38. Ke4 
1/2-1/2

[Event "34th Chess Olympiad (men)"]
[Site "Istanbul"]
[Date "2000.11.09"]
[Round "12.47.2"]
[White "Santa, Torres Juan"]
[Black "Matoewi, Roger"]
[WhiteElo "2226"]
[BlackElo "2000"]
[WhiteCountry "PUR"]
[BlackCountry "SUR"]
[Result "1-0"]

1. d4 Nf6 2. c4 d6 3. Nc3 g6 4. e4 Bg7 5. Be2 Nc6 6. d5 Nb8 7. Nf3 Nbd7 
8. O-O O-O 9. Bg5 e5 10. Ne1 a6 11. Nd3 h6 12. Be3 Ne8 13. Qd2 Kh7 14. Rae1 f5 
15. exf5 gxf5 16. f4 Qe7 17. Bd1 e4 18. Nf2 Ndf6 19. a4 Qf7 20. Kh1 Rg8 
21. Bd4 Bd7 22. Be2 c5 23. Be3 Bf8 24. Rg1 Be7 25. Rb1 a5 26. b3 Nc7 
27. Ncd1 Na6 28. Qc1 b6 29. Bd2 Rg6 30. Ne3 Rag8 31. Bc3 Nc7 32. Qb2 Nce8 
33. Rbf1 Bc8 34. Bd1 Bd7 35. Re1 Bc8 36. Nf1 Bd7 37. Re3 Kg7 38. Bh5 Kf8 
39. Bxg6 Rxg6 40. Qe2 h5 41. Rh3 Ng7 42. Ne3 Kg8 43. Re1 Ng4 44. Nf1 Bf6 
45. Bxf6 Qxf6 46. Ne3 Be8 47. Rd1 Bf7 48. Kg1 Be8 49. Nf1 Qf8 50. Nh1 Qf6 
51. Qe1 Rh6 52. Qc3 Qxc3 53. Rxc3 Kf7 54. Nf2 Kf6 55. Nh3 Rh8 56. Re1 Bg6 
57. Ne3 Ne8 58. Ng5 Ng7 59. Nf1 Be8 60. Rh3 Bd7 61. Rh4 Bc8 62. Ng3 Kg6 
63. Nf1 Bd7 64. Ne3 Nf6 65. Rc1 Nh7 66. Nxh7 Rxh7 67. Rc3 Be8 68. Nf1 Kf6 
69. Rg3 Bg6 70. Ne3 Ne8 71. Rg5 Nc7 72. Nf1 Na6 73. Rh3 Nb8 74. Rhg3 Rh6 
75. Ne3 Nd7 76. Rh3 Nf8 77. g4 Nh7 78. gxf5 Nxg5 79. fxg5+ Kxg5 80. Rg3+ Kf4 
81. Rxg6 Rh7 82. Kf2 Rd7 83. h4 Rd8 84. Rg5 Rh8 85. f6 Rf8 
1-0

[Event "34th Chess Olympiad (men)"]
[Site "Istanbul"]
[Date "2000.11.09"]
[Round "12.47.3"]
[White "Gajadin, Dew"]
[Black "Santa, Luis A"]
[WhiteElo "2202"]
[BlackElo "2201"]
[WhiteCountry "SUR"]
[BlackCountry "PUR"]
[Result "1/2-1/2"]

1. e4 e6 2. d4 d5 3. Nd2 c5 4. c3 Nc6 5. exd5 Qxd5 6. dxc5 Bxc5 7. Ngf3 Nf6 
8. Bc4 Qh5 9. Qe2 O-O 10. Ne4 Nxe4 11. Qxe4 e5 12. Be3 Be7 13. Bd5 Bf5 
14. Qa4 Bd7 15. Qb3 Na5 16. Qc2 Bc6 17. Bxc6 Nxc6 18. Qb3 b6 19. Qb5 Rac8 
20. O-O Bd6 21. h3 Bb8 22. Rad1 Qg6 23. Rd5 f5 24. Kh1 h6 25. Rg1 Kh8 
26. g3 Qe6 27. Rgd1 f4 28. gxf4 Qxh3+ 29. Nh2 Rf5 30. Qf1 Qh4 31. Qg2 Ne7 
32. Rd8+ Rf8 33. Rxc8 Rxc8 34. Rd7 Rg8 35. fxe5 Bxe5 36. Bd4 Bb8 37. Kg1 Nf5 
38. Nf3 Qh5 39. Rd5 Qf7 40. Ne5 Qe6 41. Qg6 Qxg6+ 42. Nxg6+ Kh7 43. Rxf5 Kxg6 
44. Rd5 Rf8 45. Rd7 Rf7 46. Rd8 Bf4 47. c4 Rc7 48. b3 Kf5 49. Kg2 Bg5 
50. Rg8 Kg6 51. Ra8 Bf6 52. Be3 Bg5 53. Bd4 Bf6 54. Be3 Bg5 55. f4 Bf6 
56. a4 Bc3 57. Kf3 Bb4 58. Bd4 Kf5 59. Rd8 g5 60. Rd5+ Kg6 61. fxg5 hxg5 
62. Kg4 Be7 63. Be3 Kf7 64. Bxg5 Bxg5 65. Kxg5 Ke6 66. Kf4 Rh7 67. Rd3 Rh4+ 
68. Ke3 Rh2 69. Kd4 Kd6 70. Rg3 Rh4+ 71. Kc3 Rh7 72. Rg6+ Kc7 73. Kb4 Kb7 
74. a5 Rh5 75. axb6 axb6 76. Rd6 Rg5 77. Rd5 Rg7 78. Kb5 Rf7 79. Rh5 Rg7 
80. b4 Rf7 81. Rg5 Rh7 82. Rf5 Rg7 83. Rh5 Rf7 84. Rh6 Rf5+ 85. c5 bxc5 
86. Rh7+ Kc8 87. bxc5 Rf6 88. Ra7 Kb8 89. Rd7 Kc8 90. Rg7 Kb8 91. Rh7 Kc8 
92. Rg7 Rh6 93. Rg1 Kc7 94. Ra1 Kb7 95. Rf1 Kc7 96. Rf7+ Kc8 97. Kc4 Rh4+ 
98. Kd5 Rh5+ 99. Kc6 Rh6+ 100. Kb5 Rg6 101. c6 Rg1 
1/2-1/2

[Event "34th Chess Olympiad (men)"]
[Site "Istanbul"]
[Date "2000.11.09"]
[Round "12.47.4"]
[White "Montalvo, Alejandro"]
[Black "Amoilafoe, Iwan"]
[WhiteElo "2222"]
[BlackElo "2000"]
[WhiteCountry "PUR"]
[BlackCountry "SUR"]
[Result "1-0"]

1. d4 d5 2. Nf3 Nc6 3. c4 e6 4. Nc3 Bb4 5. Qb3 Nf6 6. a3 Na5 7. Qxb4 Nc6 
8. Qa4 O-O 9. Bg5 Bd7 10. cxd5 Ne7 11. Qc2 Nfxd5 12. e4 Nxc3 13. Qxc3 f6 
14. Be3 c6 15. Bc4 Qc7 16. O-O Qc8 17. Rac1 Be8 18. d5 cxd5 19. exd5 Nxd5 
20. Bxd5 Bf7 21. Qc6 Qc7 22. Qxc7 Rac8 23. Bxb7 Rb8 24. Rc6 e5 25. Bxa7 Rbd8 
26. Rfc1 Be6 27. h3 Rf7 28. Qxf7+ Kxf7 29. Rc7+ Rd7 30. Rxd7+ Bxd7 31. Bd5+ Ke8 
32. Nd2 
1-0

[Event "34th Chess Olympiad (men)"]
[Site "Istanbul"]
[Date "2000.11.09"]
[Round "12.48.2"]
[White "Omolo, Keneth"]
[Black "Antoniou, Antonis"]
[WhiteElo "2053"]
[BlackElo "2246"]
[WhiteCountry "KEN"]
[BlackCountry "CYP"]
[Result "1/2-1/2"]

1. d4 e6 2. c4 b6 3. e4 Bb7 4. Bd3 Bb4+ 5. Bd2 Bxd2+ 6. Nxd2 d6 7. Ngf3 Nd7 
8. Qe2 e5 9. O-O Ne7 10. Rad1 Ng6 11. g3 Qf6 12. Qe3 O-O 13. d5 Nc5 14. Be2 a5 
15. b3 Bc8 16. Qg5 Qxg5 17. Nxg5 h6 18. Ngf3 f5 19. exf5 Bxf5 20. Rfe1 Rf7 
21. Nf1 Raf8 22. N3d2 Ne7 23. Ne3 Bd3 24. f3 g5 25. Bxd3 Nxd3 26. Re2 Nf5 
27. Nxf5 Rxf5 28. Rf1 Nb4 29. Ra1 Kg7 30. Kg2 Kg6 31. a4 Nc2 32. Rf1 h5 
33. h3 Nd4 34. Re3 R5f7 35. Re4 Nf5 36. f4 gxf4 37. gxf4 Nh4+ 38. Kg3 Nf5+ 
39. Kg2 Nh4+ 40. Kg3 Nf5+ 41. Kg2 
1/2-1/2

[Event "34th Chess Olympiad (men)"]
[Site "Istanbul"]
[Date "2000.11.09"]
[Round "12.48.3"]
[White "Riza, Conrad"]
[Black "Kanyingi, Joseph"]
[WhiteElo "2000"]
[BlackElo "2200"]
[WhiteCountry "CYP"]
[BlackCountry "KEN"]
[Result "1/2-1/2"]

1. Nf3 Nf6 2. c4 e6 3. g3 d5 4. d4 dxc4 5. Qa4+ Bd7 6. Qxc4 Na6 7. Bg2 Bd6 
8. Nc3 c6 9. e4 Bb4 10. Ne5 O-O 11. O-O Be7 12. Be3 Rc8 13. Rad1 Qa5 
14. Nxd7 Nxd7 15. f4 Nf6 16. Qe2 Rfe8 17. e5 Nd5 18. Nxd5 cxd5 19. a3 g6 
20. g4 Qa4 21. Rd2 Rc4 22. f5 Rec8 23. Qf3 
1/2-1/2

[Event "34th Chess Olympiad (men)"]
[Site "Istanbul"]
[Date "2000.11.09"]
[Round "12.48.4"]
[White "Mukabi, John"]
[Black "Papatryfonos, Constantinos"]
[WhiteElo "2100"]
[BlackElo "2000"]
[WhiteCountry "KEN"]
[BlackCountry "CYP"]
[Result "1/2-1/2"]

1. e4 Nf6 2. e5 Nd5 3. d4 d6 4. Nf3 g6 5. Bc4 c6 6. O-O Bg7 7. h3 O-O 
8. Re1 dxe5 9. Nxe5 Be6 10. c3 Nc7 11. Bb3 Nd7 12. Bf4 Nxe5 13. Bxe5 Qd7 
14. Nd2 b6 15. Nf3 Bxb3 16. axb3 Nd5 17. Qe2 Rfe8 18. Bxg7 Kxg7 19. Ne5 Qc7 
20. Qf3 Rf8 21. h4 h5 22. Qg3 a5 23. c4 Nb4 24. Re4 Qd6 25. Rae1 Nc2 26. Rd1 c5 
27. d5 Nd4 28. f4 
1/2-1/2

[Event "34th Chess Olympiad (men)"]
[Site "Istanbul"]
[Date "2000.11.09"]
[Round "12.49.1"]
[White "De Silva, Nuwan"]
[Black "Cueto, Johnny"]
[WhiteElo "2000"]
[BlackElo "2389"]
[WhiteCountry "SRI"]
[BlackCountry "BOL"]
[Result "0-1"]

1. d4 g6 2. c4 Bg7 3. Nc3 d6 4. e4 Nc6 5. Be3 e5 6. dxe5 Nxe5 7. f4 Nc6 
8. Be2 Nf6 9. Qd2 O-O 10. O-O-O Qe8 11. Bd3 Nb4 12. h3 Qc6 13. Nf3 Be6 
14. b3 Qa6 15. Kb1 c5 16. f5 Bd7 17. Bh6 Bh8 18. Bxf8 Rxf8 19. e5 dxe5 
20. fxg6 hxg6 21. g4 Nxd3 22. Qxd3 e4 23. Nxe4 Nxe4 24. Qxe4 Qf6 25. Qe2 Qa1+ 
0-1